Time for all things; (Record no. 521)
[ view plain ]
| 000 -LEADER | |
|---|---|
| fixed length control field | 00559nam a2200205I 4500 |
| 001 - CONTROL NUMBER | |
| control field | 382760 |
| 003 - CONTROL NUMBER IDENTIFIER | |
| control field | OSt |
| 005 - DATE AND TIME OF LATEST TRANSACTION | |
| control field | 20180818123020.0 |
| 008 - FIXED-LENGTH DATA ELEMENTS--GENERAL INFORMATION | |
| fixed length control field | 720815|1962||||||| |||| ||eng|c |
| 010 ## - LIBRARY OF CONGRESS CONTROL NUMBER | |
| LC control number | 62011522 |
| 020 ## - INTERNATIONAL STANDARD BOOK NUMBER | |
| International Standard Book Number | 0687421063 |
| 040 ## - CATALOGING SOURCE | |
| Original cataloging agency | Rio Grande College Lib |
| Transcribing agency | 0 |
| 082 ## - DEWEY DECIMAL CLASSIFICATION NUMBER | |
| Classification number | 242 |
| Item number | S541T |
| 100 1# - MAIN ENTRY--PERSONAL NAME | |
| Personal name | Shedd, Charlie W |
| 245 10 - TITLE STATEMENT | |
| Title | Time for all things; |
| Remainder of title | meditations on the Christian management of time, |
| Statement of responsibility, etc. | [by] Charlie W. Shedd |
| 260 ## - PUBLICATION, DISTRIBUTION, ETC. | |
| Place of publication, distribution, etc. | Nashville, |
| Name of publisher, distributor, etc. | Abingdon |
| Date of publication, distribution, etc. | [c.1962] |
| 300 ## - PHYSICAL DESCRIPTION | |
| Extent | 96p. |
| Dimensions | 18 cm |
| 650 #0 - SUBJECT ADDED ENTRY--TOPICAL TERM | |
| Topical term or geographic name entry element | Meditations |
| 942 ## - ADDED ENTRY ELEMENTS (KOHA) | |
| Source of classification or shelving scheme | Dewey Decimal Classification |
| Koha item type | Books |
| Withdrawn status | Lost status | Source of classification or shelving scheme | Damaged status | Not for loan | Collection code | Home library | Current library | Shelving location | Date acquired | Total Checkouts | Full call number | Barcode | Date last seen | Price effective from | Koha item type |
|---|---|---|---|---|---|---|---|---|---|---|---|---|---|---|---|
| Dewey Decimal Classification | Non-fiction | Harvest Mission College | Harvest Mission College | General Stacks | 18.08.2018 | 242 S541T | 001040 | 18.08.2018 | 18.08.2018 | Books |
